Programación avanzada con Microsoft Visual C++ Net

Bibliographic Details
Main Author: Shepherd, George
Format: Section = Libro
Language:Undetermined
Spanish
Published: España McGraw-Hill 2003
Subjects:
LEADER 00661nam a2200217Ia 4500
008 240829s9999 xx 000 0 und d
020 |a 84-481-3724-8 
040 |a BIBLIOTECA-RUPAP 005.1 S548 
041 |a spa 
082 |a 005.1 S548 
100 1 |a Shepherd, George 
245 1 0 |a Programación avanzada con Microsoft Visual C++ Net 
260 |a España  |b McGraw-Hill  |c 2003 
300 |a 825 p. :il. 
650 7 |a PROGRAMACION - VISUAL C++ NET 
650 7 |b  WINDOWS - VISUAL C++ NET 
650 7 |c  ASISTENTE - VISUAL C++ NET 
650 7 |d  PROGRAMACION - ASP.NET - C++. I. Krouglinsk, David, coaut. II. Tít. 
942 |c BK  |2 ddc 
991 |a TEXTO 
999 |c 7189